<?xml version="1.0" encoding="UTF-8"?>
<marc:record xmlns:marc="http://www.loc.gov/MARC21/slim">
   <marc:leader>00000nam a2200000 a 4500</marc:leader>
   <marc:datafield ind1="1" ind2=" " tag="100">
      <marc:subfield code="a">Ilies, Angelika</marc:subfield>
      <marc:subfield code="4">aut</marc:subfield>
      <marc:subfield code="e">Verfasser/-in</marc:subfield>
   </marc:datafield>
   <marc:datafield ind1=" " ind2=" " tag="653">
      <marc:subfield code="a">Kochbuch Wok</marc:subfield>
   </marc:datafield>
   <marc:datafield ind1="0" ind2="0" tag="245">
      <marc:subfield code="a">Köstliches aus dem Wok</marc:subfield>
   </marc:datafield>
   <marc:datafield ind1=" " ind2=" " tag="250">
      <marc:subfield code="a">1. Aufl. 1992</marc:subfield>
   </marc:datafield>
   <marc:datafield ind1="1" ind2=" " tag="520">
      <marc:subfield code="a">Eine exotische Gartechnik erobert unsere  Küchen! Denn in der gewölbten Pfanne aus  Asien gelingt alles spielend leicht, ist  blitzschnell fertig und schmeckt unvergleich-  lich gut.##Ob Bami Goring oder Ente süß-sauer, Zucchini-  Petersilien-Gemüse oder Hackfleischpfanne, ob  pfannengerührt, gedämpft, gedünstet,  fritiert: Spezialitäten aus dem Wok sind so  vielfältig, bunt und überraschend wie die  Erwartungen Ihrer Gäste.#</marc:subfield>
   </marc:datafield>
   <marc:datafield ind1=" " ind2=" " tag="020">
      <marc:subfield code="a">9783774214996</marc:subfield>
      <marc:subfield code="9">9783774214996</marc:subfield>
   </marc:datafield>
   <marc:datafield ind1=" " ind2=" " tag="041">
      <marc:subfield code="a">ger</marc:subfield>
   </marc:datafield>
</marc:record>
